Statistics for Football Stadiums in London

Click here to take the quiz!

General Stats

  • This quiz has been taken 239 times
  • The average score is 11 of 14

Answer Stats

Hint Answer % Correct
The EmiratesArsenal
99%
Stamford BridgeChelsea
98%
White Hart LaneTottenham Hotspur
97%
Upton ParkWest Ham
96%
Craven CottageFulham
93%
WembleyEngland
92%
Loftus RoadQueens Park Rangers
92%
Selhurst ParkCrystal Palace
90%
The New DenMillwall
80%
The ValleyCharlton Athletic
78%
Griffin ParkBrentford
65%
Brisbane RoadLeyton Orient
60%
KingsmeadowAFC Wimbledon
55%
Victoria RoadDagenham and Redbridge
43%

Score Distribution

Percentile by Number Answered

Percent of People with Each Score

Your Score History

You have not taken this quiz